கம்பஹ மாவட்ட முஸ்லிம்கள் (Record no. 1476)

MARC details
000 -LEADER
fixed length control field 007180000a22002050004500
003 - CONTROL NUMBER IDENTIFIER
control field LK-CoMWRAF
005 - DATE AND TIME OF LATEST TRANSACTION
control field 20240315102407.0
008 - FIXED-LENGTH DATA ELEMENTS--GENERAL INFORMATION
fixed length control field 230817t1998 ||||| |||| 00| 0 eng d
040 ## - CATALOGING SOURCE
Original cataloging agency LK-CoMWRAF
Modifying agency LK-CoMWRAF
Description conventions LK-CoMWRAF
041 ## - LANGUAGE CODE
Language code of text/sound track or separate title Tamil
082 ## - DEWEY DECIMAL CLASSIFICATION NUMBER
Classification number 305.8
Item number GAM
942 ## - ADDED ENTRY ELEMENTS (KOHA)
Koha item type Books
700 ## - ADDED ENTRY--PERSONAL NAME
Personal name ஜெமீல், எஸ்.எச்.எம்.
Relator Term editor
Personal name (Transliterated) Jameel, S.H.M.
245 ## - TITLE STATEMENT
Title கம்பஹ மாவட்ட முஸ்லிம்கள்
246 ## - VARYING FORM OF TITLE
Title proper/short title Gampaha Mawattam Muslimgal
246 ## - VARYING FORM OF TITLE
Title proper/short title Muslims of Gampaha District : History & Heritage
260 ## - PUBLICATION, DISTRIBUTION, ETC. (IMPRINT)
Place of publication, distribution, etc. Colombo:
Name of publisher, distributor, etc. Department of Muslim Religious & Cultural Affairs,
Date of publication, distribution, etc. 1998
300 ## - PHYSICAL DESCRIPTION
Extent 243 p.;maps
650 ## - SUBJECT ADDED ENTRY--TOPICAL TERM
Topical term or geographic name as entry element MUSLIMS-Gampaha district-Sri Lanka
Holdings
Withdrawn status Lost status Damaged status Not for loan Permanent Location Current Location Date acquired Full call number Barcode Koha item type
        Resource center, Muslim Women's Research And Action Forum Resource center, Muslim Women's Research And Action Forum 2023-08-17 305.8 GAM RAF4954 Books

Copyright © 2023 Muslim Women's Research and Action Forum (MWRAF), No 27/3, Anderson Road, Kalubowila, Dehiwela. Funded by The Asia Fundation